| 000 | 00461nam a2200181Ia 4500 | ||
|---|---|---|---|
| 003 | GCL | ||
| 008 | 140319s9999 xx 000 0 eng d | ||
| 040 |
_aGCL / _cGCL |
||
| 082 | 0 | 4 |
_a792.0944 _bC C |
| 100 | 1 | _aCONIO, GERARD | |
| 245 | 1 | 0 |
_a25 CHEFS D'OEUVRE DU THEATRE FRANCAIS / _cCONIO, GERARD |
| 260 |
_a[S.N] : _bMARABOUT UNIVERSITE ، _c1994 |
||
| 300 | _a383 P | ||
| 490 |
_aMARABOUT _v0 |
||
| 650 | 0 | 4 | _aFRENCH |
| 650 | 0 | 4 | _aTHEATER |
| 942 |
_2ddc _cBK |
||
| 999 |
_c23169 _d23169 |
||